Klikkaa Suomen maakunnat kartalla - Statistics

Yleistilastot
  • Tätä visaa on pelattu 76 kertaa
  • Keskiarvotulos 16 / 19
Vastaukset kartalla
Vastauksille on annettu kartalla punavihreä väri sen mukaan, kuinka moni on saanut sen oikein.
 
Vastaustilastot
Vastaus % Oikein
Ahvenanmaa
95%
Etelä-Savo
93%
Pirkanmaa
93%
Uusimaa
93%
Keski-Suomi
91%
Lappi
91%
Kainuu
87%
Pohjois-Pohjanmaa
87%
Satakunta
87%
Pohjois-Savo
85%
Etelä-Karjala
82%
Keski-Pohjanmaa
82%
Kymenlaakso
82%
Pohjois-Karjala
82%
Etelä-Pohjanmaa
80%
Päijät-Häme
80%
Pohjanmaa
80%
Varsinais-Suomi
76%
Kanta-Häme
73%
Ehtoja vastaavia visoja ei löytynyt
Tulosjakauma
Jokaisen tuloksen saaneiden osuus
Persentiili vastausten määrän mukaan
Tuloshistoriasi
Et ole pelannut tätä visaa